Statistics for Geography Multiple Choice - Easy

Click here to take the quiz!

General Stats

  • This quiz has been taken 33 times
  • The average score is 10 of 20

Answer Stats

QuestionAnswer% Correct
How Many Countries are there in the world?196
92%
Which Country is not in africa?Bhutan
85%
What Country is known for the "most dangerous country" in the world.Afghanistan
81%
Most Populated Country In Africa?Nigeria
73%
What country has the highest production rate of Sugar CaneBrazil
69%
This part of the flag is the flag for what country?Nigeria
69%
This part of the flag is the flag for what country?Afghanistan
62%
What Country Owns the "most dangerous road" in the world.Bolivia
62%
The smallest country in Asia is what?Maldives
62%
What country owns the biggest city in the world?Japan
58%
How many countries does Denmark borders how many countries?1
54%
This part of the flag is the flag for what country?Somalia
54%
Asia Has How Many Countries?48
50%
What is the poorest country in the world?Burundi
46%
Which of these countries had the most baseball fans and players in the world?Dominican Republic
42%
How Many Countries does china border14
35%
Which of these countries is the biggest in centeral america.Nicaragua
27%
Minconta is the capital of what country?Cyprus
12%
2nd Least Populated Country in Asia (1st was brunei)Brunei
4%
What Country has the most debt in the world?Japan
4%

Score Distribution

Percentile by Number Answered

Percent of People with Each Score

Your Score History

You have not taken this quiz